000 nam a22 a 4500
999 _c2243
_d2243
005 20170515161844.0
008 170515b1983 -us||||| |||| 00| 0 eng d
020 _a007045907x
040 _aAKMAL
082 0 4 _a364.1 NAS
090 _a364.1
_bNAS
100 _aJay Robert Nash
_94713
245 _aOpen File
300 _a297p
_c24cm
942 _2ddc
_cBOOK